000 02481nam a2200397 4500
001 85803
003 SpMaBN
005 20260415124143.0
008 011205m20002001sp | ||| ||lat
016 7 _abimoBNE20011136461
_2SpMaBN
017 _aB 42445-2000
_bOficina Depósito Legal Barcelona
020 _a8488526660
035 _a(OCoLC)434375708
035 _a(SpMaBN)Mimo0001742217
040 _aSpMaBN
_bspa
_cSpMaBN
_erdc
_dM-RABA
041 0 _alat
_aeng
_aspa
080 _a091 Beato de Cardeña.07
080 _a228.07
100 1 _aBeato de Liébana
_916294
240 1 0 _aIn Apocalipsin
245 1 0 _aBeato de Liébana
_h[Texto impreso] :
_bcódice del Monasterio de San Pedro de Cardeña
_c[traducción, Anne Barton de Mayor]
260 _aBarcelona
_bM. Moleiro Editor
_c2000-2001
300 _a2 v.
_bil. col.
_c48, 34 cm
500 _aVol. 1 ([284] p.) es reprod. facs. del ms. conservado en el Museo Arqueológico Nacional (ms. 2), Biblioteca Francisco de Zabalburu, The Metropolitan Museum of Art y Museo Diocesano de Gerona
500 _aVol. 2 (363 p.) contiene estudios de Ángela Franco Mata ... [et al.]
546 _aTexto del ms. en latín; volumen de estudios en español e inglés
630 0 7 _aBeato de Cardeña
_vFacsímiles
_2embne
630 0 7 _aBiblia.
_pN.T.
_pApocalipsis
_vComentarios
_2embne
_987058
655 7 _aBeatos
_2tgfbne
700 1 _aFranco Mata, María Ángela
_d1944-
710 2 _aMuseo Arqueológico Nacional (España)
_kManuscrito.
_n2
730 0 _aBiblia.
_pN.T.
_pApocalipsis
_lLatín
852 _jD-414 ; D-415
856 4 1 _uhttps://bnedigital.bne.es/bd/card?id=f3a953bf-2f5f-4101-a05a-7b8bac030841
_yBNE Digital
_zacceso y/o uso restringido
942 _cFONDOMODER
_n0
999 _c85803
_d85803